František J. Turček - život, dielo, odkaz
Salvato in:
| Altri autori: | |
|---|---|
| Natura: | Libro |
| Lingua: | slovacco inglese tedesco ungherese |
| Pubblicazione: |
Banská Štiavnica
Kabinet evolučnej a aplikovanej krajinnej ekológie SAV
1993
|
| Edizione: | 1. vyd. |
| Soggetti: | |
| Tags: |
Nessun Tag, puoi essere il primo ad aggiungerne!!
|
MARC
| LEADER | 00000nam a2200000 4500 | ||
|---|---|---|---|
| 001 | c004751 | ||
| 005 | 20221128072809.7 | ||
| 020 | |a 80-07-00521-8 | ||
| 041 | 0 | |a slo | |
| 041 | 0 | |a eng | |
| 041 | 0 | |a ger | |
| 041 | 0 | |a hun | |
| 044 | |a SK | ||
| 245 | 1 | 0 | |a František J. Turček - život, dielo, odkaz |c Edit. František Šteffek |
| 250 | |a 1. vyd. | ||
| 264 | 1 | |a Banská Štiavnica |b Kabinet evolučnej a aplikovanej krajinnej ekológie SAV |c 1993 | |
| 300 | |a 121 s. | ||
| 610 | 2 | 0 | |a Turček, F.J. |
| 610 | 2 | 0 | |a životopisy |
| 610 | 2 | 0 | |a výskum |
| 610 | 2 | 0 | |a ekológia |
| 610 | 2 | 0 | |a Banská Štiavnica |
| 700 | 1 | |a Šteffek, František | |